Top 10 des joueurs français les plus titrés en club - Statistiques

Statistiques générales
  • Ce quiz a été pris 254 fois
  • Le résultat moyen est 5 sur 10
Statistiques - réponses
Nombre de trophée Poste Joueur % Correct
32 Attaquant Karim Benzema
92%
19 Défenseur Raphaël Varane
85%
27 Attaquant Kingsley Coman
57%
23 Attaquant Franck Ribery
48%
17 Milieu de terrain Blaise Matuidi
39%
19 Milieu de terrain Patrick Vieira
39%
18 Milieu de terrain Adrien Rabiot
34%
17 Défenseur Patrice Evra
33%
19 Défenseur Presnel Kimpembe
32%
22 Défenseur Eric Abidal
26%
Aucun quiz correspondant
Distribution des résultats
% des personnes avec chaque résultat
Percentile par nombre de réponses
Votre historique - résultats
Vous n’avez pas pris ce quiz